000 00597nam a2200181Ia 4500
008 090124s9999 xx 000 0 und d
082 _b124991
100 _aधारप नारायण
245 _a मैफल(गूढ व भयकथा संग्रह)
250 _a2
260 _c1992
300 _a218
600 _aधारप नारायण
630 _a मैफल(गूढ व भयकथा संग्रह)
700 _aधारप नारायण
730 _a मैफल(गूढ व भयकथा संग्रह)
942 _cBOOK
999 _c171081
_d171081